Derecho del Trabajo y de la Seguridad Social Tomo III

Detalles Bibliográficos
Autor principal: Humeres Noguer, Hčtor
Formato: Capítulo de libro
Lenguaje:español
Publicado: [Chile] : Editorial jurd̕ica de Chile, 2010
Edición:17® ed.
Colección:Tratados
Materias:
Acceso en línea:Acceso restringido

MARC

LEADER 00000naa a22000007a 4500
005 20111017104111.0
008 111017s2010 cl |||||s|||| 00||0 spa d
020 |a 956-10-1598-6 
035 |a 5792 
040 |a vLex 
090 |c 2663  |d 2663 
100 1 |a Humeres Noguer, Hčtor 
245 1 0 |a Derecho del Trabajo y de la Seguridad Social  |h [Recurso electrn̤ico] /  |c Hčtor Humeres Noguer  |n Tomo III 
250 |a 17® ed. 
256 |a Servicio en ln̕ea. 
260 |a [Chile] :  |b Editorial jurd̕ica de Chile,  |c 2010 
300 |a 1 recurso electrn̤ico 
490 0 |a Tratados 
500 |a Primera parte. Fundamentos ter̤icos: Nociones preliminares; Los principios de la Seguridad Social; El derecho de la Seguridad Social; Rǧimen jurd̕ico de las fr̤mulas de aseguramiento social; La administracin̤ de la Seguridad Social; Sistemas de financiamiento. Segunda parte. Las prestaciones: La salud; Los accidentes del trabajo y las enfermedades profesionales; Los sistemas de pensiones; Las pensiones por vejez y antigüedad; Las pensiones por invalidez; Las prestaciones por muerte y sobrevivencia; Las prestaciones familiares; El desempleo; Las prestaciones de la asistencia social; Las prestaciones de los servicios sociales. Estads̕ticas. 
506 1 |a Contenido solo disponible en los productos indicados  |d vLex Global  |d vLex Global (Academic Edition, excluding Law Schools)  |d vLex Global (U.S. Academic Edition, Law Schools)  |d vLex Global (U.S. Academic Edition, excluding Law Schools)  |d vLex Global (Academic Edition, Law Schools) 
650 0 4 |a Derecho de trabajo  |z Chile 
650 0 4 |a Seguridad Social  |z Chile 
740 0 |a vLex Libros (Servicio en ln̕ea) 
856 4 0 |u http://vlex.com/source/derecho-trabajo-seguridad-social-tomo-iii-5792  |z Acceso restringido 
942 |c BOOK